Statistics for Earth Science Midterm Study Quiz

Click here to take the quiz!

General Stats

  • This quiz has been taken 111 times
  • The average score is 11 of 59

Answer Stats

GroupAnswer% Correct
Eight Most Abundant Elements on EarthOxygen
83%
Main Types of Chemical BondsHydrogen Bond
79%
Eight Most Abundant Elements on EarthIron
57%
Main Types of Chemical BondsIonic Bond
45%
Plate Boundary TypesConvergeant
44%
Plate Boundary TypesDivergeant
44%
Physical Properties of MineralsHardness
41%
Eight Most Abundant Elements on EarthSilicon
41%
Main Types of Chemical BondsCovalent Bond
40%
Eight Most Abundant Elements on EarthMagnesium
35%
Physical Properties of MineralsColor
33%
Plate Boundary TypesTransform
32%
Eight Most Abundant Elements on EarthAluminum
30%
Physical Properties of MineralsLuster
30%
Eight Most Abundant Elements on EarthPotassium
30%
Eight Most Abundant Elements on EarthSodium
30%
Eight Most Abundant Elements on EarthCalcium
28%
Physical Properties of MineralsStreak
24%
Physical Properties of MineralsCleavage
23%
Main Types of Map ProjectionsMercator
23%
Different Types of MapsTopographic Maps
23%
Physical Properties of MineralsFracture
22%
Physical Properties of MineralsSpecific Gravity
15%
Three Types of Mafic LavaA'a
12%
Three Types of Mafic LavaPahoehoe
12%
Different Types of MapsPhysical Maps
12%
Three Types of ModelsPhysical Model
12%
Main Types of MineralsSilicates
12%
Main Types of MineralsCarbonates
11%
Different Types of MapsClimate Maps
11%
Two Most Distinctive Features on Earth's SurfaceContinents
11%
Different Types of MapsWeather Maps
11%
Different Types of MapsGeologic Maps
10%
Main Types of MineralsHalides
10%
Main Types of MineralsOxides
10%
Main Types of MineralsSulfates
10%
Main Types of Map ProjectionsConic
9%
Three Types of ModelsMathematical Model
9%
Main Types of MineralsNative Elements
9%
Three Types of ModelsConceptual Model
7%
Main Types of MineralsPhosphates
7%
Three Types of Mafic LavaPillow
7%
Different Types of MapsResource Maps
7%
Main Types of Map ProjectionsRobinson
7%
Additional Characteristics of Some MineralsSmell
7%
Main Types of MineralsSulfides
7%
Main Types of Map ProjectionsGnomonic
6%
Different Types of MapsRelief Maps
6%
Different Types of MapsRoad Maps
6%
Different Types of MapsSatellite Maps
6%
Different Types of MapsBathymetric Maps
5%
Two Most Distinctive Features on Earth's SurfaceOcean Basins
5%
Different Types of MapsRadar Maps
5%
Additional Characteristics of Some MineralsRadioactivity
5%
Main Types of Map ProjectionsWinkel Tripel
5%
Additional Characteristics of Some MineralsFluorescence
4%
Additional Characteristics of Some MineralsMagnetism
4%
Additional Characteristics of Some MineralsTaste
4%
Additional Characteristics of Some MineralsReactivity
2%

Score Distribution

Percentile by Number Answered

Percent of People with Each Score

Your Score History

You have not taken this quiz